NFL Top 20 Fantasy Football Players of The 2023-2024 Season - Statistics

General Stats
  • This quiz has been taken 350 times
  • The average score is 13 of 20
Answer Stats
Rating Quarterback % Correct
18. Patrick Mahomes
94%
2. Josh Allen
93%
19. Keenan Allen
89%
7. Lamar Jackson
88%
1. Ceedee Lamb
87%
3. Christian McCaffrey
85%
4. Tyreek Hill
85%
5. Jalen Hurts
76%
8. Amon-Ra St. Brown
74%
13. A.J. Brown
67%
6. Dak Prescott
62%
14. Jared Goff
60%
10. Puka Nacua
60%
20 C.J. Stroud
59%
11. Brock Purdy
58%
9. Jordan Love
49%
16. Mike Evans
46%
12. Breece Hall
35%
15. DJ Moore
33%
17. Travis Etienne
27%
No matching quizzes found
Score Distribution
Percent of People with Each Score
Percentile by Number Answered
Your Score History
You have not taken this quiz